How to find and buy good software : (Record no. 15330)
[ view plain ]
| 000 -LEADER | |
|---|---|
| fixed length control field | 00952nam a2200289 a 4500 |
| 001 - CONTROL NUMBER | |
| control field | 15330 |
| 003 - CONTROL NUMBER IDENTIFIER | |
| rucl marc code | BD-RjUL |
| 005 - DATE AND TIME OF LATEST TRANSACTION | |
| control field | 20211208235808.0 |
| 008 - FIXED-LENGTH DATA ELEMENTS--GENERAL INFORMATION | |
| fixed length control field | 140209s1983 njua 001 0 eng d |
| 020 ## - INTERNATIONAL STANDARD BOOK NUMBER | |
| International Standard Book Number | 0134066529 (pbk.) |
| International Standard Book Number | 013406660X (hard) |
| 035 ## - SYSTEM CONTROL NUMBER | |
| System control number | (BD-RjUL)15384 |
| 040 ## - CATALOGING SOURCE | |
| Original cataloging agency | DLC |
| Transcribing agency | DLC |
| Modifying agency | BD-RjUL |
| Language of cataloging | eng |
| 041 ## - LANGUAGE CODE | |
| Language code of text/sound track or separate title | eng |
| 082 00 - DEWEY DECIMAL CLASSIFICATION NUMBER | |
| Classification number | 001.64250681 |
| Edition number | 19 |
| Author mark and year | CUH 1983 |
| 100 1# - MAIN ENTRY--PERSONAL NAME | |
| Personal name | Curry, Jess W. |
| 9 (RLIN) | 47646 |
| 245 10 - TITLE STATEMENT | |
| Title | How to find and buy good software : |
| Remainder of title | a guide for business and professional people / |
| Statement of responsibility, etc. | Jess W. Curry, David M. Bonner. |
| 260 ## - PUBLICATION, DISTRIBUTION, ETC. (IMPRINT) | |
| Place of publication, distribution, etc. | Englewood Cliffs, N.J. : |
| Name of publisher, distributor, etc. | Prentice-Hall, |
| Date of publication, distribution, etc. | c1983. |
| 300 ## - PHYSICAL DESCRIPTION | |
| Pagination | x, 161 p. : |
| Illustrations | ill. ; |
| Size | 24 cm. |
| 500 ## - GENERAL NOTE | |
| General note | Cover title: How to find & buy good software. |
| General note | Includes index. |
| 650 #0 - SUBJECT ADDED ENTRY--TOPICAL TERM | |
| Topical term or geographic name as entry element | Computer software |
| General subdivision | Purchasing. |
| 9 (RLIN) | 47647 |
| 700 1# - ADDED ENTRY--PERSONAL NAME | |
| Personal name | Bonner, David M. |
| 942 ## - ADDED ENTRY ELEMENTS (KOHA) | |
| Source of classification or shelving scheme | Dewey Decimal Classification |
| Koha item type | Books |
| Lost status | Source of classification or shelving scheme | Damaged status | Not for loan | Collection code | Permanent Location | Current Location | Shelving location | Date acquired | Source of acquisition | Total Checkouts | Full call number | Date last seen | Copy number | Koha item type |
|---|---|---|---|---|---|---|---|---|---|---|---|---|---|---|
| Dewey Decimal Classification | Non-fiction | Central Library, University of Rajshahi | Central Library, University of Rajshahi | 01/09/1985 | Gift | 001.64250681 CUH 1983 | 09/02/2014 | C-2 | Books | |||||
| Dewey Decimal Classification | Not For Loan | Non-fiction | Central Library, University of Rajshahi | Central Library, University of Rajshahi | Reading Room | 01/09/1988 | Asia foundation | 001.64250681 CUH 1983 | 24/01/2017 | C-1 | Books | |||
| Dewey Decimal Classification | Non-fiction | Central Library, University of Rajshahi | Central Library, University of Rajshahi | 01/09/1985 | Asia Foundation | 001.64250681 CUH 1983 | 08/06/2017 | C-3 | Books | |||||
| Dewey Decimal Classification | Non-fiction | Central Library, University of Rajshahi | Central Library, University of Rajshahi | 07/09/1985 | Asia Foundation | 001.64250681 CUH 1983 | 08/06/2017 | C-4 | Books | |||||
| Dewey Decimal Classification | Non-fiction | Central Library, University of Rajshahi | Central Library, University of Rajshahi | 01/09/1985 | Asia Foundation | 001.64250681 CUH 1983 | 08/06/2017 | C-5 | Books |